000 00450pab a2200169 454500
008 180718b2012 xxu||||| |||| 00| 0 eng d
245 _aSpecial issue on consolidation of higher education institutions for quality
260 _c2012
300 _ap.10-90.
362 _a22 Oct
650 _aHigher education
650 _aEducational institutions
650 _aEducational quality
773 _aUniversity News
908 _aN
909 _a97830
999 _c97829
_d97829